|
|
|
|
| LEADER |
00992nam a2200253 a 4500 |
| 001 |
16487950 |
| 008 |
120524s2011 caua b 001 0 eng d |
| 010 |
|
|
|a 2010040661
|
| 020 |
|
|
|a 9781412980401 (pbk.)
|
| 040 |
|
|
|a DLC
|c DLC
|d BD-DhAAL
|
| 082 |
0 |
0 |
|a 306.2
|2 22
|
| 100 |
1 |
|
|a Glasberg, Davita Silfen.
|
| 245 |
1 |
0 |
|a Political sociology :
|b oppression, resistance, and the state /
|c Davita Glasberg, Deric Shannon.
|
| 260 |
|
|
|a Thousand Oaks :
|b Pine Forge Press,
|c c2011.
|
| 300 |
|
|
|a xiv, 231 p. :
|b ill. ;
|c 23 cm.
|
| 504 |
|
|
|a Includes bibliographical references and index.
|
| 541 |
1 |
|
|e 00025273
|
| 650 |
|
0 |
|a Political sociology.
|
| 650 |
|
0 |
|a Oppression (Psychology).
|
| 650 |
|
0 |
|a Social movements.
|
| 700 |
1 |
|
|a Shannon, Deric.
|
| 852 |
1 |
|
|a Ayesha Abed Library
|j General shelf
|
| 999 |
|
|
|c 12262
|d 12262
|
| 952 |
|
|
|0 0
|1 0
|4 0
|6 306_200000000000000_GLA
|7 0
|9 20304
|a BRACUL
|b BRACUL
|c GEN
|d 2012-05-24
|e Karim International
|g 2861.00
|l 3
|m 32
|o 306.2 GLA
|p 3010025273
|r 2026-05-18
|s 2026-03-01
|t 1
|w 2012-05-24
|y BK
|